Sports Quiz

Random Sports or Auto Racing Quiz
Score 0/28 Timer 10:00
0 Plays Today
Team Driver % Correct
Hitech GPNikita Mazepin
100%
Pinnacle MotorsportJack Doohan
100%
Hitech GPAlessio Deledda
92.9%
Hitech GPJake Hughes
92.9%
Hitech GPUkyo Sasahara
92.9%
Pinnacle MotorsportSebastian Fernandez
92.9%
Pinnacle MotorsportPietro Fittipaldi
92.9%
Seven GPTatiana Calderon
92.9%
Absolute RacingJamie Chadwick
92.9%
Absolute RacingDaniel Cao
92.9%
Absolute RacingDevlin DeFrancesco
92.9%
BlackArts Racing TeamYu Kanamaru
85.7%
BlackArts Racing TeamThomas Luedi
85.7%
BlackArts Racing TeamJoey Alders
85.7%
Team Driver % Correct
MP MotorsportAmaury Cordeel
85.7%
Zen MotorsportPaul Wong
85.7%
Absolute RacingTommy Smith
85.7%
BlackArts Racing TeamMikhail Belov
85.7%
Abu Dhabi Racing UAEKhaled Al Qubaisi
78.6%
Zen MotorsportJames Yu
78.6%
Absolute RacingAlister Yoong
77.8%
Pinnacle MotorsportGilbert Ang
77.8%
Zen MotorsportDominic Ang
77.8%
BlackArts Racing TeamMiki Koyama
66.7%
Absolute RacingNajiy Razak
66.7%
Absolute RacingLeonard Hoogenboom
66.7%
Zen MotorsportAlister Yoong
66.7%
Absolute RacingDominic Ang
66.7%
Come Together.
Have Fun.
All Virtual.
We all need to come together. Play Sporcle's virtual live trivia to have fun, connect with people, and get your trivia on. Join a live hosted trivia game for your favorite pub trivia experience done virtually. If a virtual private party is more your thing, go here for details.

You're not logged in!

Compare scores with friends on all Sporcle quizzes.
OR
Log In

Sporcle TV

Today on Sporcle TV


Watch our educational content, quiz creation guides, and fun videos on Sporcle TV.

Show Comments

Extras

Created Feb 11, 2020ReportNominate
Tags:Auto Racing Quiz

Top Quizzes Today


Score Distribution

Paid Content

Your Account Isn't Verified!

In order to create a playlist on Sporcle, you need to verify the email address you used during registration. Go to your Sporcle Settings to finish the process.

Report this User

Report this user for behavior that violates our Community Guidelines.

Details: